Velká kniha k Adobe Photoshop 7.0 : Manuál k programu a škola výtvarných technik

Guardado en:
Detalles Bibliográficos
Autor principal: Willmore, Ben (Autor)
Formato: Libro
Lenguaje:checo
Publicado: Praha : Computer Press, 2002
Edición:1. vyd.
Materias:
Etiquetas: Agregar Etiqueta
Sin Etiquetas, Sea el primero en etiquetar este registro!

MARC

LEADER 00000nam a22000003a 4500
001 stu79154
005 20150617225639.4
008 030221s2002----xr------------------cze-d
020 |a 80-7226-745-0 
040 |a STU  |b slo 
041 0 |a cze 
044 |a xr 
080 |a 004.92 (035) 
100 1 |a Willmore, Ben  |4 aut 
245 1 |a Velká kniha k Adobe Photoshop 7.0 :  |b Manuál k programu a škola výtvarných technik  
250 |a 1. vyd. 
260 |a Praha :  |b Computer Press,  |c 2002 
300 |a 540 s  |c CD-ROM 
650 7 |a počítačová grafika  |2 stusub 
996 |b C97851  |c C*97851  |l CCVIIIB  |s P  |a 0  |w stu79154_0001